| 000 | 01276cam a22002651i 4500 | ||
|---|---|---|---|
| 003 | SA-RiAUC | ||
| 005 | 20250211082151.0 | ||
| 008 | 250130s2015 le g 000 0dara c | ||
| 020 | _a2745212680 | ||
| 040 |
_aSA-JeALM _bara _cSA-RiAUC _erda |
||
| 082 | 0 | 4 |
_a269 _qSA-RiAUC |
| 090 |
_a269 _bخ ا ل |
||
| 100 | 1 |
_aخالد النقشبندي، خالد بن أحمد بن حسين، _cالشيخ، _d1190-1242 هجري. |
|
| 245 | 1 | 0 |
_aمكتوبات مولانا خالد النقشبندي المجددي القرداغي الشهرزوري الكردي ( بقسميها العربي والفارسي ). _cجمعها ورتبها وقدم لها وقابل بين نسخها محمد علي القرداغي |
| 250 |
_aالطبعة الاولى. _bمنقحة ومزيدة. |
||
| 264 | 1 |
_aالسليمانية : _bفاروق الملا مصطفى، _c2016 |
|
| 300 |
_a734 صفحة ؛ _c24 سم. |
||
| 336 |
_aنص _btxt _2rdacontent _3كتاب |
||
| 337 |
_aبدون وسيط _bn _2rdamedia |
||
| 338 |
_aمجلد _bnc _2rdacarrier |
||
| 500 | _aاهداء من المؤلف محمد علي القرداغي بتاريخ 10 / 8 / 2016 م | ||
| 650 | 7 |
_aالنقشبندية (طرق صوفية) _2aucsh |
|
| 942 |
_2ddc _cBOOK _n0 |
||
| 949 |
_aSA-JeALM _d250130 _uosman123 _n1 |
||
| 999 |
_c5840 _d5840 |
||